| 000 | 01968cam a22004574i 4500 | ||
|---|---|---|---|
| 003 | PE-LiUPU | ||
| 005 | 20250731172857.0 | ||
| 008 | 150710s2004 ag rb 000 0 spa d | ||
| 020 | _a9789875670198 | ||
| 035 | _a(Sirsi) a164145 | ||
| 040 |
_aPE-LiUPU _bspa _cPE-LiUPU _erda |
||
| 049 | _aPRUA | ||
| 082 | 0 | 4 |
_a224.5 _bP34 _221 |
| 100 | 1 |
_aPfandl, Gerhard, _eautor. |
|
| 245 | 1 | 0 |
_aDaniel : _bvidente de Babilonia / _cGerhard Pfandl. |
| 264 | 1 |
_aBuenos Aires : _bACES, _c2004. |
|
| 300 |
_a123 páginas ; _c21 centimetros |
||
| 336 |
_atext _2rdacontent |
||
| 337 |
_aunmediated _2rdamedia |
||
| 338 |
_avolume _2rdacarrier |
||
| 504 | _aReferencias bibliográficas al final de cada capítulo. | ||
| 505 | 0 | _a"Comer o no comer "- he ahí el dilema -- La imagen de Nabucodonosor -- El horno de fuego -- El juicio de Nabucodonosor --La fiesta sorpresa -- Un antiguo decreto de muerte -- La lección de historia de Daniel -- El juicio previo al advenimineto -- Ataque contra el satuario -- El santuario purificado -- El horario divino -- Cuando los reyes van a la guerra -- El tiempo del fin . | |
| 526 | _aSEG42 | ||
| 526 | _aSEG41 | ||
| 526 | _aSEG40 | ||
| 526 | _aSEG39 | ||
| 526 | _aP94 | ||
| 526 | _aP87 | ||
| 526 | _aP86 | ||
| 526 | _aP85 | ||
| 526 | _aP77 | ||
| 526 | _aP76 | ||
| 526 | _aP35 | ||
| 630 |
_aBiblia _pA.T. _pDaniel _xEstudio y enseñanza. |
||
| 910 |
_ajck _bjos _cjck _d20161012 |
||
| 942 |
_2ddc _cBOOK |
||
| 949 |
_a224.5 P34 _wDEWEY _c1 _i75036 _lCATALOGING _mBUL _p13.00 _r0 _sY _tBOOK _u2016-10-12 _xTEOLIGIA _PP35 _0COMPRA _o.CIRCNOTE. El documento es de alto precio. _o.STAFF. Colección Teología |
||
| 596 | _a1 | ||
| 999 |
_a224.5 P34 _wLC _c12996 _i75036 _d12996 _e2022-6-15 _f2021-11-9 _g5 _kCHECKEDOUT _lCCODEBUL1 _mBUL _n26 _p13.00 _q16 _rM _sY _tBOOK _u2016-10-12 _xTEOLOGIA _PP35 _0DONACION _o.STAFF. Colección Teología |
||
| 980 |
_81 _gALBERTO SANCHEZ Responsable de Automatización |
||